000 00349 a2200157 4500
001 71706
020 _a8501022845
040 _cAnchieta - Colégio São Paulo
100 _aGoscinny, R.
240 1 0 _aAsterix e Cleópatra
_lpor
245 1 0 _aAsterix e Cleópatra
300 _a48
362 0 _a1985
650 4 _aLiteratura juvenil
942 _cBK
999 _c71706
_d71706